| 000 | 01097cab a22002775a 4500 | ||
|---|---|---|---|
| 001 | L158194 | ||
| 008 | 130129e2014 xxk 000 0 eng d | ||
| 020 | _a9781848063778 | ||
| 035 | _a(Sirsi) u158194 | ||
| 041 | 0 | _aeng | |
| 100 | 1 | _aGarvin, Stephen | |
| 110 | 2 | _aBuilding Research Establishment | |
| 245 | 0 | 0 | _aApplying flood resilience technologies |
| 260 | _aWatford : BRE, 2014 | ||
| 300 |
_a12p. _bill. _c30cm. |
||
| 490 |
_aBRE Good Building Guide _v(GG 84) |
||
| 520 | _aOutlines steps that can be taken to protect buildings or communitites against flooding by means of flood resilience (FRe) technologies, that is, flood protection products which can provide resistance or resilience to flooding impacts. It covers two particular types of FRe technologies, aperture barriers (or property level protection) and perimeter barriers. | ||
| 521 | _aAdvanced | ||
| 590 | _aKA | ||
| 650 | 2 | 4 | _aBUILT ENVIRONMENT-CONSTRUCTION DESIGN |
| 650 | 2 | 4 | _aFLOOD PREVENTION |
| 650 | 2 | 4 | _aFLOOD DEFENCES |
| 651 | 4 | _aENGLAND AND WALES | |
| 690 | 4 | _aDesign and specification | |
| 942 | _n0 | ||
| 999 |
_c115194 _d115194 |
||